000 00228nam a2200097Ia 4500
005 20251222114415.0
008 251222s1900||||xx |||||||||||||| ||spa||
082 _aDVD0070/D89/2001
245 0 _aTrece días:Treze Días
942 _cDVD
999 _c2182
_d2182